00613nam a2200193Ia 4500003000900000008004100009020001800050040001600068080001300084100001400097245017300111250001200284260003300296300001800329650002700347650001900374650001100393700001500404IN-BaIIA211028s9999 xx 000 0 eng d a0-08-026481-6 cIIA Library a535bBOR aBorn, Max 0aPrinciples of opticsbelectromagnetic theory of propagation, interference and diffraction of lightcMax Born and Emil Wolf  a6th ed. aOxfordbPergamon Pressc1980 axxviii, 808p. aElectromagnetic theory aNASA Thesaurus aOptics aWolf, Emil